00214nam a2200097Ia 4500008004100000100001900041245002300060260000900083942000700092999001700099190216s9999||||xx |||||||||||||| ||und|| aOrient Longman 4aThe Singing Lovers bNull cBK c12530d12530